| Tag |
First Indicator |
Second Indicator |
Subfields |
| LEADER |
00000pam a2200000 i 4500 |
| 001 |
in00000246321 |
| 005 |
20151009093622.0 |
| 008 |
780907s1978 paua 00110 eng |
| 010 |
|
|
|a 78010346
|
| 020 |
|
|
|a 0830698612 :
|c $8.95.
|
| 020 |
|
|
|a 0830610634 (pbk. :)
|c $5.95
|
| 035 |
|
|
|a (OCoLC)04496423
|
| 035 |
|
|
|9 ABA7257AM
|
| 040 |
|
|
|a DLC
|c DLC
|d TXA
|d UtOrBLW
|
| 049 |
|
|
|a TXAM
|c [1189166]
|
| 050 |
0 |
0 |
|a TK9911
|b .D68
|
| 082 |
0 |
|
|a 621.312/14
|
| 100 |
1 |
|
|a Dowis, Edward Franklin,
|d 1901-
|
| 245 |
1 |
0 |
|a How to install your own home or mobile electric power plant /
|c by Edward Dowis.
|
| 250 |
|
|
|a 1st ed.
|
| 264 |
|
1 |
|a Blue Ridge Summit, Pa. :
|b Tab Books,
|c [1978]
|
| 264 |
|
4 |
|c ©1978
|
| 300 |
|
|
|a 251 pages :
|b illustrations ;
|c 22 cm.
|
| 336 |
|
|
|a text
|b txt
|2 rdacontent
|
| 337 |
|
|
|a unmediated
|b n
|2 rdamedia
|
| 338 |
|
|
|a volume
|b nc
|2 rdacarrier
|
| 500 |
|
|
|a Includes index.
|
| 650 |
|
0 |
|a Electric power-plants
|x Amateurs' manuals.
|
| 650 |
|
0 |
|a Electric power-plants, Portable
|x Amateurs' manuals.
|
| 999 |
|
|
|a MARS
|
| 999 |
f |
f |
|s a1c6c59c-fec5-3732-88e2-9ce70ae32b6a
|i 402bb56e-23cd-3606-be1c-05be72d45f78
|t 0
|
| 952 |
f |
f |
|p ric
|a Texas A&M University
|b Rellis Campus
|c Joint Library Facility
|d Remote Storage
|t 0
|e TK9911 .D68
|h Library of Congress classification
|i unmediated -- volume
|m A14805519695
|
| 998 |
f |
f |
|a TK9911 .D68
|t 0
|l Remote Storage
|